000 00407nam a22001457a 4500
005 20250617115752.0
008 250617b |||||||| |||| 00| 0 eng d
020 _a9780851116594
050 _aBR115
_b.C SAM
100 _aSAMPSON J. PHILIP
245 _a6 MODERN MYTHS;
_bA BOUT CHRISTIANITY AND WESTERN CIVILIZATION
260 _aILLINOIS
_bINTERVARSITY PRESS
_cc2001
300 _a197p
942 _2lcc
_cBK
_n0
999 _c6542
_d6542